000 00588nam a2200217Ia 4500
003 OSt
005 20220918105422.0
006 a|||||r|||| 00| 0
007 ta
008 220915b |||||||| |||| 00| 0 hin d
024 _a93,141
037 _cReference Collections
040 _aARTS
_cARTS
_bhin
041 _2hin
_ahin
082 _aP152,3k, 33H9(RR)
245 0 _aहिन्दी कन्नड़ कोष
246 _aHindī kannaड़ koṣha
260 _c1949
942 _hP152,3k, 33H9(RR)
_cREF
999 _c106997
_d106997